Personnalités francophones en D - Statistiques

Statistiques générales
  • Ce quiz a été pris 48 147 fois
  • Le résultat moyen est 10 sur 16
Statistiques - réponses
Par images Hint Réponse % Correct
Entraineur Didier Deschamps
98%
Humoriste et acteur Jamel Debbouze
95%
Chanteur Julien Doré
94%
Acteur Jean Dujardin
89%
Rappeur Damso
84%
Politicienne Rachida Dati
73%
Présentateur TV Michel Drucker
72%
Acteur Gérard Darmon
71%
Humoriste et acteur François Damiens
63%
Politicien et avocat Eric Dupond-Moretti
61%
Actrice Catherine Deneuve
56%
Actrice Arielle Dombasle
42%
Chef cuisinière Hélène Darroze
39%
Actrice Béatrice Dalle
24%
Acteur-réalisateur Albert Dupontel
22%
Réalisateur Quentin Dupieux
19%
Aucun quiz correspondant
Distribution des résultats
% des personnes avec chaque résultat
Percentile par nombre de réponses
Votre historique - résultats
Vous n’avez pas pris ce quiz